书目信息 |
| 题名: |
华为ICT大赛实践赛云赛道真题解析
|
|
| 作者: | 吴伟强 , 许可 , 明月 主编 | |
| 分册: | ||
| 出版信息: | 北京 人民邮电出版社 2024.11 |
|
| 页数: | 358页 | |
| 开本: | 24cm | |
| 丛书名: | 华为ICT大赛系列 | |
| 单 册: | ||
| 中图分类: | TP393.027-44 | |
| 科图分类: | ||
| 主题词: | 云计算--yun ji suan--题解 | |
| 电子资源: | ||
| ISBN: | 978-7-115-65457-1 | |
| 000 | 01259nam 2200289 450 | |
| 001 | 90084 | |
| 005 | 20250815105330.23 | |
| 010 | @a978-7-115-65457-1@dCNY69.80 | |
| 100 | @a20241122d2024 em y0chiy50 ea | |
| 101 | 0 | @achi |
| 102 | @aCN@b110000 | |
| 105 | @aak z 000yy | |
| 106 | @ar | |
| 200 | 1 | @a华为ICT大赛实践赛云赛道真题解析@Ahua wei ICT da sai shi jian sai yun sai dao zhen ti jie xi@f主编吴伟强, 许可, 明月 |
| 210 | @a北京@c人民邮电出版社@d2024.11 | |
| 215 | @a358页@c图@d24cm | |
| 225 | 2 | @a华为ICT大赛系列@Ahua wei ICT da sai xi lie |
| 300 | @a异步图书 | |
| 330 | @a本书对华为ICT大赛2023-2024实践赛云赛道真题进行解析, 涉及云、大数据、AI这3个技术方向。本书共5章, 第1章先讲解华为ICT大赛目标, 以及华为ICT大赛2023-2024实践赛和创新赛的比赛内容, 然后介绍实践赛云赛道赛制和考试大纲 ; 第2-5章按照由浅入深的顺序逐步解析省赛初赛、省赛复赛、全国总决赛和全球总决赛的真题, 解析时根据各技术方向分解每道题的考点, 帮助读者系统掌握考点并提升实践技能。 | |
| 410 | 0 | @12001 @a华为ICT大赛系列 |
| 606 | 0 | @a云计算@Ayun ji suan@j题解 |
| 690 | @aTP393.027-44@v5 | |
| 701 | 0 | @a吴伟强@Awu wei qiang@4主编 |
| 701 | 0 | @a许可@Axu ke@4主编 |
| 701 | 0 | @a明月@Aming yue@4主编 |
| 801 | 0 | @aCN@c20250909 |
| 905 | @a河南城建学院图书馆@dTP393.027-44@eW880@f1 | |
| 华为ICT大赛实践赛云赛道真题解析/主编吴伟强, 许可, 明月.-北京:人民邮电出版社,2024.11 |
| 358页:图;24cm.-(华为ICT大赛系列) |
| 异步图书 |
| ISBN 978-7-115-65457-1:CNY69.80 |
| 本书对华为ICT大赛2023-2024实践赛云赛道真题进行解析, 涉及云、大数据、AI这3个技术方向。本书共5章, 第1章先讲解华为ICT大赛目标, 以及华为ICT大赛2023-2024实践赛和创新赛的比赛内容, 然后介绍实践赛云赛道赛制和考试大纲 ; 第2-5章按照由浅入深的顺序逐步解析省赛初赛、省赛复赛、全国总决赛和全球总决赛的真题, 解析时根据各技术方向分解每道题的考点, 帮助读者系统掌握考点并提升实践技能。 |
| ● |
| 相关链接 |
|
|
|
正题名:华为ICT大赛实践赛云赛道真题解析
索取号:TP393.027-44/W880
 
预约/预借
| 序号 | 登录号 | 条形码 | 馆藏地/架位号 | 状态 | 备注 |
| 1 | 1624046 | 216240468 | 自科库301/301自科库 120排2列3层/ [索取号:TP393.027-44/W880] | 在馆 |